| 000 | 00467nam a22001697a 4500 | ||
|---|---|---|---|
| 003 | BD-ChCU | ||
| 005 | 20260121122438.0 | ||
| 008 | 260121b bg ||||| |||| 00| 0 ben d | ||
| 040 | _cBD-ChCU | ||
| 082 | _a401 SWL | ||
| 100 |
_aSwapna Sengupta. _919511 |
||
| 245 |
_aLanguage, Structure and meaning.//' _cSwapna Sengupta. |
||
| 260 |
_aSantiniketan. _bVisva-Bharati. _c1977 |
||
| 300 | _axiv. 113p | ||
| 650 | 0 |
_aLanguage - Universal. _919512 |
|
| 942 |
_2ddc _cBK _n0 |
||
| 999 |
_c111188 _d111188 |
||